000 00494nam a2200181Ia 4500
003 GCL
008 140319s9999 xx 000 0 ara d
040 _aGCL /
_cGCL
082 0 4 _a709.04
_bن ف
100 1 _aنعيم عطية
245 1 0 _aالفن الحديث: محاولة للفهم /
_cنعيم عطية
300 _a127 ص
490 _aاقرأ
_v0
650 0 4 _aالعصر الحديث
650 0 4 _aالتصوير
650 0 4 _aالفن - تاريخ ونقد
942 _2ddc
_cBK
999 _c50210
_d50210